000 00291nam a22001217a 4500
040 _cHS
082 _a351 EDW 1981 C089
100 _aEDWARD M. GRAMLICH
245 _aBenefit-cost analysis of government programs
260 _aUSA
_bEDWARD M. GRAMLICH
_c1981
300 _a273p;
942 _cEK
999 _c11159
_d11159